期刊信息 |
| 索取号 |
G8/COACH
|
| 题名 |
Scholastic Coach
|
| 作者 |
|
| 分册号 |
|
| 分册名 |
|
| 出版地 |
NEW YORK
|
| 出版者 |
SCHOLASTIC INC.
|
| 标准刊号 |
0036-6382
|
| 出版频率 |
双月刊
|
| 中图法分类 |
G8
|
| 主题词 |
体育
|
| 电子资源 | |
| |
|
| 000 | 00578nas0 2200181 45 | |
| 001 | 0733044030 | |
| 005 | 20070416091650.96 | |
| 011 | @a0036-6382@d$4.00(1991) | |
| 100 | @a20070416d km y0chiy0120 ea | |
| 101 | 0 | @aeng |
| 200 | 1 | @aScholastic Coach |
| 210 | @aNEW YORK@cSCHOLASTIC INC. | |
| 300 | @aScholastic Coach,incorporating Athletic Journal and Coach and Athlete is published monthly August through April and bimonthly May/June,10issues by Scholastic Inc. | |
| 326 | @a双月刊 | |
| 606 | 0 | @a体育 |
| 690 | @aG8@v4 | |
| 801 | 0 | @aCN@bPFT@c20070416 |
| 905 | @aTJWY@dG8@eCOACH | |
| Scholastic Coach.-NEW YORK:SCHOLASTIC INC. |
| Scholastic Coach,incorporating Athletic Journal and Coach and Athlete is published monthly August through April and bimonthly May/June,10issues by Scholastic Inc. |
| ISSN 0036-6382:$4.00(1991) |
| ● |
| 相关链接: |
|
|
|
|